Religion Quiz

Random Religion or Verse Quiz
Score 0/74 Timer 07:00
2 Plays Today
John 14 % Correct
you. I go to prepare a place for you. (3) And
96.2%
if I go and prepare a place for you, I
95.8%
said unto you, I go away, and come again unto
95.8%
(12) Verily, verily, I say unto you, He that believeth on
95.5%
said, I go unto the Father: for my Father is
95.5%
me commandment, even so I do. Arise, let us go
95.4%
me, the works that I do shall he do also;
95.2%
shall be loved of my Father, and I will love
95.1%
unto you I speak not of myself: but the Father
94.9%
peace I give unto you: not as the world giveth,
94.9%
have said unto you. (27) Peace I leave with you, my
94.8%
and greater works than these shall he do; because I
94.6%
give I unto you. Let not your heart be troubled,
94.6%
not leave you comfortless: I will come to you. (19) Yet
94.5%
dwelleth with you, and shall be in you. (18) I will
94.2%
you. If ye loved me, ye would rejoice, because I
94.1%
that I love the Father; and as the Father gave
94.1%
love me, keep my commandments. (16) And I will pray the
93.9%
I spoken unto you, being yet present with you. (26) But
93.9%
it sufficeth us. (9) Jesus saith unto him, Have I been
93.8%
Father? (10) Believest thou not that I am in the Father,
93.8%
also. (20) At that day ye shall know that I am
93.8%
neither let it be afraid. (28) Ye have heard how I
93.8%
my name, that will I do, that the Father may
93.7%
I am, there ye may be also. (4) And whither I
93.5%
but ye see me: because I live, ye shall live
93.5%
and the Father in me? the words that I speak
93.4%
in my Father, and ye in me, and I in
93.2%
greater than I. (29) And now I have told you before
93.2%
things, and bring all things to your remembrance, whatsoever I
93.1%
pass, ye might believe. (30) Hereafter I will not talk much
93.1%
that I am in the Father, and the Father in
93%
thing in my name, I will do it. (15) If ye
93%
mansions: if it were not so, I would have told
92.8%
I am the way, the truth, and the life: no
92.5%
go unto my Father. (13) And whatsoever ye shall ask in
90.6%
will send in my name, he shall teach you all
90.3%
John 14 % Correct
that dwelleth in me, he doeth the works. (11) Believe me
89.6%
(14:1) Let not your heart be troubled: ye believe in God,
89.2%
Father, and he shall give you another Comforter, that he
88.3%
not, neither knoweth him: but ye know him; for he
88.3%
he will keep my words: and my Father will love
88.3%
him, not Iscariot, Lord, how is it that thou wilt
87.9%
unto him, Lord, we know not whither thou goest; and
87.2%
you. (21) He that hath my commandments, and keepeth them, he
87.2%
it is that loveth me: and he that loveth me
87%
abode with him. (24) He that loveth me not keepeth not
86.8%
with you: for the prince of this world cometh, and
86.8%
may abide with you for ever; (17) Even the Spirit of
86.5%
be glorified in the Son. (14) If ye shall ask any
86.3%
so long time with you, and yet hast thou not
85.6%
go ye know, and the way ye know. (5) Thomas saith
85.4%
known me, Philip? he that hath seen me hath seen
85.4%
answered and said unto him, If a man love me,
85.2%
will come again, and receive you unto myself; that where
85.1%
man cometh unto the Father, but by me. (7) If ye
85.1%
how can we know the way? (6) Jesus saith unto him,
84.8%
hath nothing in me. (31) But that the world may know
84.8%
believe also in me. (2) In my Father's house are many
84.6%
it come to pass, that, when it is come to
82.5%
him, and we will come unto him, and make our
82.3%
had known me, ye should have known my Father also:
81.4%
him, and will manifest myself to him. (22) Judas saith unto
81.1%
me: or else believe me for the very works' sake.
80.8%
(8) Philip saith unto him, Lord, shew us the Father, and
80.7%
my sayings: and the word which ye hear is not
78.5%
a little while, and the world seeth me no more;
77.6%
manifest thyself unto us, and not unto the world? (23) Jesus
77.3%
truth; whom the world cannot receive, because it seeth him
75.6%
the Father; and how sayest thou then, Shew us the
75.5%
the Comforter, which is the Holy Ghost, whom the Father
74.4%
and from henceforth ye know him, and have seen him.
74.2%
mine, but the Father's which sent me. (25) These things have
72%
hence.
14.2%
Remove Ads.
Support Sporcle.
Get the best of Sporcle when you Go Orange. This ad-free experience offers more features, more stats, and more fun while also helping to support Sporcle. Thank you for becoming a member.

You're not logged in!

Compare scores with friends on all Sporcle quizzes.
OR
Log In

Sporcle TV

Today on Sporcle TV


Watch our educational content, quiz creation guides, and fun videos on Sporcle TV.

Show Comments

Extras

Top Quizzes Today


Score Distribution

Paid Content

Your Account Isn't Verified!

In order to create a playlist on Sporcle, you need to verify the email address you used during registration. Go to your Sporcle Settings to finish the process.

Report this User

Report this user for behavior that violates our Community Guidelines.

Details: